000 00366pab a2200145 454500
008 180718b2001-2002 xxu||||| |||| 00| 0 eng d
100 _aSen, Amartya Kumar
245 _aIndividual freedom as social commitment
260 _c2001-2002
300 _ap.184-200
362 _aWinter-Spring
650 _aHuman rights
773 _aIIC Quarterly
909 _a51377
999 _c51377
_d51377